Normal view MARC view

Entry Topical Term

Number of records used in: 128

001 - CONTROL NUMBER

  • control field: 19366

003 - CONTROL NUMBER IDENTIFIER

  • control field: dpl

005 - DATE AND TIME OF LATEST TRANSACTION

  • control field: 20100910114457.0

008 - FIXED-LENGTH DATA ELEMENTS

  • fixed length control field: 100910|||a|||||| | ||| d

040 ## - CATALOGING SOURCE

  • Original cataloging agency: dpl
  • Transcribing agency: dpl

150 ## - HEADING--TOPICAL TERM

  • Topical term or geographic name as entry element: Classical Music
  • Topical term following geographic name as entry element: India

670 ## - SOURCE DATA FOUND

  • Source citation: Work cat.: (dpl): Khan, Nawaz Bismillah Khan 19365, Shehnai /, 1969

670 ## - SOURCE DATA FOUND

  • Source citation: Work cat.: (dpl): Khan, Nawaz Bismillah Khan 19365, Shehnai /, 1969

© Delhi Public Library
Hit Counter
free hit counter